| 000 | 00668nam a22002172a 4500 | ||
|---|---|---|---|
| 001 | 6401 | ||
| 003 | UkOxU | ||
| 005 | 20211208234233.0 | ||
| 008 | 500101s1955 enka 000 0 eng d | ||
| 035 | _aOCLC ocm07420001 from D950322M | ||
| 040 |
_aPLF _cPLF _dUKM _dEQO _beng |
||
| 041 | _aeng | ||
| 082 |
_223 _a 769 _bBOF 1955 |
||
| 100 | 1 |
_aBoggs, Winthrop S. _q(Winthrop Smillie), _d1902-1974. _920163 |
|
| 245 | 1 | 4 |
_aThe foundations of philately / _cby Winthrop S. Boggs in collaboration with Arnold M. Strange |
| 260 |
_aLondon : _bFaber and Faber, _cc1955 |
||
| 300 |
_a196 p. _billus |
||
| 650 | 0 |
_aStamp collecting _920164 |
|
| 942 |
_2ddc _cBK |
||
| 999 |
_c6401 _d6401 |
||